|
|
|
|
| LEADER |
00818nab a2200217 i 4500 |
| 001 |
acta44559 |
| 005 |
20240423091444.0 |
| 008 |
170512s1986 hu o 000 hun d |
| 022 |
|
|
|a 0324-6523
|
| 040 |
|
|
|a SZTE Egyetemi Kiadványok Repozitórium
|b hun
|
| 041 |
|
|
|a hun
|
| 100 |
1 |
|
|a Bolla Éva
|
| 245 |
1 |
3 |
|a Az abszurd világértelmezés problémái Harmsz műveiben
|h [elektronikus dokumentum] /
|c Bolla Éva
|
| 260 |
|
|
|a József Attila Tudományegyetem
|b Szeged
|c 1986
|
| 300 |
|
|
|a 123-135
|
| 490 |
0 |
|
|a Orosz Irodalmi Diákköri Dolgozatok
|v 2
|
| 650 |
|
4 |
|a Bölcsészettudományok
|
| 650 |
|
4 |
|a Nyelvek és irodalom
|
| 695 |
|
|
|a Tudományos diákkör - orosz irodalom - avantgarde - abszurd
|
| 700 |
0 |
1 |
|a Harms Daniil Ivanovič
|
| 856 |
4 |
0 |
|u http://acta.bibl.u-szeged.hu/44559/1/orosz_idd_002_123-135.pdf
|z Dokumentum-elérés
|